Quizzes
Events
Quiz Creation
Community
Videos
Private Events
Remove Ads
Sign In
Join for FREE
Feedback
Dark Mode
Quiz Categories
Sports
Geography
Music
Movies
Television
Just For Fun
Miscellaneous
History
Literature
Language
Science
Gaming
Entertainment
Religion
Holiday
For Kids
Quiz Lab
Recent
Popular Today
Quiz Kudos Today
Editor Picks
Curator Picks
Quizzes by...
Day
Popularity
Type
Ratings
Length
Year
Community
Subscriptions
Recent Discussions
Orange Saloon
Badges
Playlists
Quests
Create
Leaderboards
Showdown
Live 5
Trivia Bingo
Activity
Puzzle Library
Sporcle Events
Private Events
Virtual Trivia
Globe League
Become a Host
Pub Owners
SporcleCon
Opinionation
Our Games
Videos
Blog
Mobile Apps
Partnerships
Remove Ads and Go Orange
Feedback
Sports
Athletes
MLB
NBA
NHL
NFL
Soccer
Sports Teams
WWE
NCAA
Football
Premier League
Basketball
Baseball
Hockey
Golf
Tennis
Cricket
Rugby
Auto Racing
Olympics
World Cup
Sports
Athletes
MLB
NBA
NHL
NFL
Soccer
Sports Teams
WWE
NCAA
Football
Premier League
Basketball
Baseball
Hockey
Golf
Tennis
Cricket
Rugby
Auto Racing
Olympics
World Cup
Random Quiz
Search Sporcle
×
Quiz Lab
Quiz Lab
Sports
General Knowledge
Type in answers that appear in a list
Type in answers that appear in a list
Classic
Best Score? Go Orange.
British Open Snooker Champions Stats
Can you name the British Open Snooker Champions?
By
SporcleEXP
3m
26 Questions
137 Plays
137 Plays
137 Plays
Comments
Comments
Give Quiz Kudos
Give Quiz Kudos
-
- Ratings
hide this ad
Replay
Link that replays current quiz
Next Quiz
Link to next quiz in quiz playlist
You Got
0%
They Got
Avg Score
78%
Avg Friend Score
Upgrade to see
Score Distribution
Jump to the score distribution portion of the page
Score
0/26
Timer
03:00
0
Plays Today
Year
Winner
% Correct
1986
Steve Davis
98.5%
1993
Steve Davis
98.5%
1984
Steve Davis
98.4%
1982
Steve Davis
98.4%
1981
Steve Davis
98.4%
1995
John Higgins
96.4%
1998
John Higgins
96.4%
2001
John Higgins
96.4%
2004
John Higgins
96.4%
1980
Alex Higgins
95.2%
1988
Stephen Hendry
93.4%
1991
Stephen Hendry
93.4%
1999*
Stephen Hendry
93.4%
Year
Winner
% Correct
2003
Stephen Hendry
93.4%
1997
Mark Williams
92%
1994
Ronnie O'Sullivan
86.9%
1987
Jimmy White
86.1%
1992
Jimmy White
86.1%
2000
Peter Ebdon
72.3%
1983
Ray Reardon
62.4%
2002
Paul Hunter
56.9%
1989
Tony Meo
55.5%
1996
Nigel Bond
51.1%
1985
Silvino Francisco
33.6%
1999
Fergal O'Brien
29.2%
1990
Bob Chaperon
28.5%
Quiz Playlist
Details
Report
Send in Message
Add To Playlist
Classic:
Type in answers that appear in a list
Quiz Source
Last Updated: Feb 16, 2017
Quiz Scoreboard
CHALLENGE
Sign Up to Join the Scoreboard
Show All
Scores
Hide
Comments
May contain spoilers
Recently Published
An Introduction to Baseball
by treessimontrees
Sports
5m
Movies - When Are They Set?
by FPL_Elf
Movies
5m
Popular People in 1961
by mucciniale
History
6m
More to Explore
Quiz From the Vault
Featured Blog Post
Where Did the Easter Bunny Come From?
hide this ad
You Might Also Like...
Tags
General Knowledge Quiz
British Open
champion
Snooker
Snooker Champions
Snooker Championship
Tournament
Tournament Winners
Winner
Today's Top Quizzes in Sports
Browse Sports
hide this ad
Today's Top Quizzes in General Knowledge
Browse General Knowledge
Top Contributed Quizzes in Sports
1
Les meilleurs buteurs des matchs entre le PSG et l’OM
2
2022 World Cup Stars
3
FIFA Club World Cup Champions
4
Les entraîneurs de l'OM et du PSG au 21e siècle
5
Name the Premier League winners with different clubs
6
La finale Lions - Afrique du Sud 2021
7
Criteria MLB: Left Handed Sluggers
8
Les joueurs passés par le LOSC et le RC Lens
9
Players with Multiple 50 Home Run Seasons
10
MLB Players with Two .350 Batting Average Seasons
Explore More
Trending Topics
Marvel
Harry Potter
Kpop
Crossword
Disney
NBA
Anime
Country
The Office
Song
Pokémon
NFL
Puzzle
WWE
Soccer
hide this ad
More By:
SporcleEXP
Quiz
Plays
Rating
Category
Featured
Created
Harry Potter Deaths in Order Minefield
3,068,058
4.18
Literature
Jan 27, 2016
Sins, Dwarfs, and Spice Girls
847,247
4.42
Just For Fun
Apr 11, 2012
Ancient History Bunker
708,036
4.28
History
Jan 20, 2014
Movie Posters VI
678,971
4.37
Movies
Nov 12, 2010
Movie Posters VII
621,797
4.44
Movies
Apr 16, 2011
Go to Creator's Profile
Score Distribution
Quiz Creator Spotlight
SporcleEXP
Follow
Send a Message
Quizzes Created
-
Created Quiz Play Count
-
More By This Creator
Popular Quizzes Today
1
Find the Countries of Europe - No Outlines Minefield
2
Find the US States - No Outlines Minefield
3
The Countries of the World
4
Popular People in 1961
5
US States
6
1-10 Letter E Words III
7
Find the US States
8
One Thing in Common: World Cities II
More Sports Quizzes
Last All-NBA Player Per Team
Published
Trending Quizzes
Risky Map Clicking: Least Populous States A-Z
1-10 Letter F Words
1-10 Letter G Words
One Thing in Common: United Kingdom
Risky Map Clicking: Next State Alphabetically
Recently Updated
Leaping Animals
pecheneg
Reality TV Shows (A-Z)
bhenderson79
Rickey Henderson's Hall of Fame Teammates
pecheneg
Champions League XIs: Arsenal
pecheneg
Quick Pick: Celebrities in WWE's Hall of Fame
aduchscher
A-Z Keypad Blitz II
pecheneg
Multiple Oscar Actors
pecheneg
Mystery Phrase Blitz: Oscar 'Best Actors'
pecheneg
F. Scott Fitzgerald Novels
LTH
Pick 3 Villains
ddd62291
Trending Topics
Crossword
Kpop
Disney
NBA
Harry Potter
Anime
Marvel
The Office
Song
Pokémon
Country
Soccer
WWE
NFL
Puzzle
Your Account Isn't Verified!
In order to create a playlist on Sporcle, you need to verify the email address you used during registration. Go to your
Sporcle Settings
to finish the process.
Report this User
Report this user for behavior that violates our
Community Guidelines
.
Details:
Send Report
Go to the Sporcle.com Mobile Site →
Comments